000
00336nam a2200133Ia 4500
008
210428s9999 xx 000 0 und d
020
_a
0-7106-2700-9
082
_a
660 J331 J
100
_a
Shaun C CONNORS
_9
52181
245
0
_a
Military Vehicles and Logistics 2005-2006
260
_b
Jones
_a
UK
_c
2005
300
_a
973p
942
_c
BK
999
_c
559947
_d
559947